The common sense behind basic economics : a guide for budding economists, students, and voters /

Bibliographic Details
Main Author: Velez-Hagan, Justin, (Author)
Format: eBook
Language:English
Published: Lanham [Maryland] : Lexington Books, [2015]
Subjects:
Online Access:Click to View
LEADER 01674nam a2200409 i 4500
001 EBC4086471
003 MiAaPQ
005 20200520144314.0
006 m o d |
007 cr cnu||||||||
008 150724t20152015mdu ob 001 0 eng|d
020 |z 9781498509008 (cloth) 
020 |a 9781498509015  |q (electronic bk.) 
035 |a (MiAaPQ)EBC4086471 
035 |a (Au-PeEL)EBL4086471 
035 |a (CaPaEBR)ebr11125295 
035 |a (CaONFJC)MIL832727 
035 |a (OCoLC)922325519 
040 |a MiAaPQ  |b eng  |e rda  |e pn  |c MiAaPQ  |d MiAaPQ 
050 4 |a HB171  |b .V45 2015 
082 0 |a 330  |2 23 
100 1 |a Velez-Hagan, Justin,  |e author. 
245 1 4 |a The common sense behind basic economics :  |b a guide for budding economists, students, and voters /  |c Justin Velez-Hagan. 
264 1 |a Lanham [Maryland] :  |b Lexington Books,  |c [2015] 
264 4 |c 2015 
300 |a 1 online resource (175 pages) 
336 |a text  |2 rdacontent 
337 |a computer  |2 rdamedia 
338 |a online resource  |2 rdacarrier 
504 |a Includes bibliographical references and index. 
588 |a Description based on print version record. 
590 |a Electronic reproduction. Ann Arbor, MI : ProQuest, 2015. Available via World Wide Web. Access may be limited to ProQuest affiliated libraries. 
650 0 |a Economics. 
655 4 |a Electronic books. 
776 0 8 |i Print version:  |a Velez-Hagan, Justin.  |t Common sense behind basic economics : a guide for budding economists, students, and voters.  |d Lanham [Maryland] : Lexington Books, [2015] 
797 2 |a ProQuest (Firm) 
856 4 0 |u https://ebookcentral.proquest.com/lib/matrademy/detail.action?docID=4086471  |z Click to View